000 00542nam a2200181 i 4500
001 146945
003 ES-MaACL
005 20250512063036.0
007 t|
008 070919s1976 sp ||||1| spa d
100 1 _aTrotsky, Leon,
_d1879-1940
_9240350
245 1 0 _aEntre el imperialismo y la revolución /
_cLeon Trotsky ; [versión Juan Laya].
260 _aBarcelona :
_bR. Torres,
_c[1976]
300 _a157 p. ;
_c19 cm.
700 1 _aLaya, Juan.
_970764
852 _aES-MaACL
_jA-6759
_bR.95731
999 _c146945
_d146945